[Event "Europa ch 2012 femenino"]
[Site "Gaziantep TUR"]
[Date "2012.03.09"]
[Round "7.24"]
[White "Bronnikova, Elizaveta"]
[Black "Mareckova, Martina"]
[Result "1/2-1/2"]
[WhiteElo "2252"]
[BlackElo "2114"]
[PlyCount "99"]
[EventDate "2012.03.02"]
[EventType "swiss"]
[EventRounds "11"]
[EventCountry "TUR"]
[Source "lmi"]
[SourceDate "2012.03.02"]

1. e4 e5 2. Nf3 Nc6 3. Bb5 a6 4. Ba4 d6 5. O-O Bd7 6. d4 Nf6 7. Re1 Be7 8. c3
O-O 9. Nbd2 b5 10. Bc2 Re8 11. Nf1 Bg4 12. Ng3 g6 13. Be3 Bf8 14. h3 Bd7 15. a4
Bg7 16. Qd2 Na5 17. Qd3 Qb8 18. b3 Bc6 19. d5 Bd7 20. axb5 axb5 21. Nd2 b4 22.
Rec1 Rc8 23. Bd1 c6 24. dxc6 Bxc6 25. Bg4 Nxg4 26. hxg4 bxc3 27. Rxc3 Bd7 28.
g5 Be6 29. Rxc8+ Qxc8 30. b4 Nb7 31. Rxa8 Qxa8 32. Ne2 Qa4 33. Qb1 Bf8 34. Nc3
Qc6 35. Qd3 Be7 36. Nd5 Bd8 37. Nc4 Qa4 38. Qb1 Bxd5 39. exd5 Qb5 40. Qa2 Qxd5
41. Qa8 Qxc4 42. Qxb7 Kg7 43. b5 Qb3 44. Qd7 Bxg5 45. Bxg5 Qd1+ 46. Kh2 Qh5+
47. Kg1 Qd1+ 48. Kh2 Qh5+ 49. Kg1 Qd1+ 50. Kh2 1/2-1/2

[Event "Europa ch 2012 femenino"]
[Site "Gaziantep TUR"]
[Date "2012.03.09"]
[Round "7.26"]
[White "Kaya, Emel"]
[Black "Kazimova, Narmin"]
[Result "1/2-1/2"]
[WhiteElo "1997"]
[BlackElo "2253"]
[PlyCount "115"]
[EventDate "2012.03.02"]
[EventType "swiss"]
[EventRounds "11"]
[EventCountry "TUR"]
[Source "lmi"]
[SourceDate "2012.03.02"]

1. e4 c5 2. Nf3 e6 3. d4 cxd4 4. Nxd4 Nc6 5. c4 Qc7 6. Nc3 a6 7. Be3 Nf6 8. Be2
d6 9. Rc1 Be7 10. O-O O-O 11. Nd5 exd5 12. cxd5 Bd7 13. dxc6 bxc6 14. Bf3 Rab8
15. Qd2 Rfd8 16. Rfd1 c5 17. b3 Qb6 18. Ne2 Bc6 19. Nc3 Qb7 20. Nd5 Nxd5 21.
exd5 Bb5 22. Qc2 Bf6 23. Qf5 Bd7 24. Qd3 a5 25. Bf4 a4 26. Be4 axb3 27. axb3
Bg4 28. Bxh7+ Kh8 29. f3 Bc8 30. Be4 Qxb3 31. Qxb3 Rxb3 32. Rb1 c4 33. Bc2 Rb2
34. Rxb2 Bxb2 35. Rb1 Bd4+ 36. Kh1 Ba6 37. Bxd6 g6 38. Rb8 Rxb8 39. Bxb8 Bb7
40. d6 Bc6 41. Bc7 Kg7 42. Bd8 Kf8 43. h4 Ke8 44. Be7 Kd7 45. h5 gxh5 46. Bf5+
Ke8 47. Bc2 Bf2 48. Kh2 h4 49. f4 Bg3+ 50. Kh3 Bd7+ 51. f5 Bc6 52. Bxh4 Bxh4
53. Kxh4 Bxg2 54. Kg5 Kd7 55. Kf6 Kxd6 56. Kxf7 Bd5+ 57. Kg7 c3 58. f6 1/2-1/2

[Event "Europa ch 2012 femenino"]
[Site "Gaziantep TUR"]
[Date "2012.03.09"]
[Round "7.28"]
[White "Menzi, Nezihe Ezgi"]
[Black "Isgandarova, Khayala"]
[Result "0-1"]
[WhiteElo "1902"]
[BlackElo "2203"]
[PlyCount "68"]
[EventDate "2012.03.02"]
[EventType "swiss"]
[EventRounds "11"]
[EventCountry "TUR"]
[Source "lmi"]
[SourceDate "2012.03.02"]

1. e4 e6 2. d4 d5 3. Nc3 Bb4 4. e5 c5 5. Bd2 Ne7 6. f4 Nf5 7. Nf3 Nc6 8. Ne2
Ne3 9. Qc1 Bxd2+ 10. Qxd2 Nb4 11. Rc1 Nc4 12. Qd1 Nxb2 13. Qd2 Nc4 14. Qd1 Nxa2
15. Rb1 Qa5+ 16. Kf2 Nb4 17. g4 Nc6 18. Bh3 cxd4 19. Nexd4 O-O 20. Qe2 Nxd4 21.
Nxd4 f6 22. Kg2 fxe5 23. fxe5 Qc3 24. Nf3 Ne3+ 25. Kf2 Nxc2 26. Rhc1 Qc5+ 27.
Kg3 Nd4 28. Qd1 Qa3 29. Qxd4 Qxf3+ 30. Kh4 h6 31. Rc3 g5+ 32. Kh5 Qf7+ 33. Kxh6
Qg7+ 34. Kh5 Bd7 0-1

[Event "Europa ch 2012 femenino"]
[Site "Gaziantep TUR"]
[Date "2012.03.09"]
[Round "7.29"]
[White "Ozturk, Hilal"]
[Black "Shaydullina, Sandugach"]
[Result "1-0"]
[WhiteElo "1784"]
[BlackElo "2197"]
[PlyCount "146"]
[EventDate "2012.03.02"]
[EventType "swiss"]
[EventRounds "11"]
[EventCountry "TUR"]
[Source "lmi"]
[SourceDate "2012.03.02"]

1. e4 c5 2. c3 d5 3. exd5 Qxd5 4. d4 g6 5. Nf3 Bg7 6. Be3 cxd4 7. cxd4 Nf6 8.
Nc3 Qa5 9. Bc4 O-O 10. O-O e6 11. Qb3 Nbd7 12. d5 exd5 13. Nxd5 Nxd5 14. Bxd5
Nc5 15. Bxc5 Qxc5 16. Ng5 Qe7 17. Nxf7 Qf6 18. Rac1 h5 19. Rc7 Kh7 20. Rfc1 Re8
21. Bxb7 Bxb7 22. Qxb7 Rab8 23. Qxa7 Rxb2 24. Ng5+ Kh8 25. Rc8 Rbe2 26. Rxe8+
Rxe8 27. Nf3 Qb2 28. Rf1 Bf6 29. Qf7 Rg8 30. a4 Rg7 31. Qe8+ Kh7 32. Qb5 Rb7
33. Qc6 Kg7 34. Rd1 Rf7 35. Qb5 Qc2 36. Rf1 Ra7 37. a5 Qa2 38. Rd1 Qxa5 39.
Rd7+ Kh6 40. Qxa5 Rxa5 41. h4 Ra1+ 42. Kh2 Ra2 43. Kg3 Re2 44. Rf7 Be7 45. Kh3
Bd8 46. Nh2 g5 47. hxg5+ Kg6 48. Rd7 Bxg5 49. f3 Re1 50. Rd6+ Kf5 51. Rd5+ Kg6
52. g3 Re3 53. Rd2 Ra3 54. Rf2 Be3 55. Rf1 Ra2 56. f4 Kf5 57. Nf3 Bf2 58. Kh4
Ke4 59. Ng5+ Kf5 60. Nh3 Bd4 61. Kxh5 Rh2 62. g4+ Ke4 63. Kh4 Rg2 64. f5 Rh2
65. f6 Bc5 66. f7 Be7+ 67. g5 Bf8 68. g6 Rg2 69. Rg1 Be7+ 70. Kh5 Bf8 71. Ng5+
Kf5 72. Nh7 Bg7 73. f8=Q+ Ke6 1-0

[Event "Europa ch 2012 femenino"]
[Site "Gaziantep TUR"]
[Date "2012.03.09"]
[Round "7.31"]
[White "Coimbra, Margarida"]
[Black "Patel, Yesim"]
[Result "1-0"]
[WhiteElo "2156"]
[BlackElo "1839"]
[PlyCount "65"]
[EventDate "2012.03.02"]
[EventType "swiss"]
[EventRounds "11"]
[EventCountry "TUR"]
[Source "lmi"]
[SourceDate "2012.03.02"]

1. e4 c5 2. c3 d5 3. exd5 Qxd5 4. d4 Nf6 5. Nf3 e6 6. Bd3 Be7 7. O-O O-O 8. Qe2
Nc6 9. dxc5 Bxc5 10. Rd1 Qh5 11. Nbd2 e5 12. Ne4 Nxe4 13. Bxe4 Re8 14. Qc4 Bb6
15. Bxc6 bxc6 16. Qxc6 Bg4 17. Re1 Rad8 18. Be3 Bxf3 19. Qxf3 Qxf3 20. gxf3
Bxe3 21. Rxe3 Rd2 22. b3 f6 23. Kf1 Red8 24. c4 Rc2 25. Re2 Rdd2 26. Rxd2 Rxd2
27. Ke1 Rc2 28. Rd1 Rxa2 29. Rd7 a5 30. Ra7 Rb2 31. c5 Rxb3 32. c6 Rb8 33. Rd7
1-0

[Event "Europa ch 2012 femenino"]
[Site "Gaziantep TUR"]
[Date "2012.03.09"]
[Round "7.32"]
[White "Martynkova, Olena"]
[Black "Foisor, Mihaela-Veronica"]
[Result "0-1"]
[WhiteElo "1689"]
[BlackElo "2242"]
[PlyCount "65"]
[EventDate "2012.03.02"]
[EventType "swiss"]
[EventRounds "11"]
[EventCountry "TUR"]
[Source "lmi"]
[SourceDate "2012.03.02"]

1. e4 e6 2. d3 d5 3. Nd2 c5 4. Ngf3 Nc6 5. g3 Bd6 6. Bg2 Nge7 7. O-O O-O 8. Re1
Qc7 9. c3 f6 10. a3 d4 11. cxd4 cxd4 12. e5 Nxe5 13. Nxe5 Bxe5 14. Nc4 Bd6 15.
Bd2 Nc6 16. Bxc6 bxc6 17. Rc1 Be7 18. b4 Bd7 19. Na5 Rac8 20. Qc2 Qd6 21. Nb3
Qd5 22. Qc4 e5 23. Nxd4 Qxc4 24. dxc4 Rfd8 25. Nb3 Be6 26. Rc3 a5 27. bxa5 Bxa3
28. Rd1 Ra8 29. Nc1 Bb4 30. Rc2 Bg4 31. Bxb4 Bxd1 32. Rd2 Bf3 33. h4 0-1

[Event "Europa ch 2012 femenino"]
[Site "Gaziantep TUR"]
[Date "2012.03.09"]
[Round "7.36"]
[White "Kharmunova, Nadejda"]
[Black "Arabidze, Meri"]
[Result "1-0"]
[WhiteElo "2191"]
[BlackElo "2337"]
[PlyCount "115"]
[EventDate "2012.03.02"]
[EventType "swiss"]
[EventRounds "11"]
[EventCountry "TUR"]
[Source "lmi"]
[SourceDate "2012.03.02"]

1. d4 Nf6 2. c4 e6 3. Nf3 b6 4. g3 Ba6 5. Qa4 Bb7 6. Bg2 c5 7. dxc5 bxc5 8. O-O
Be7 9. Nc3 O-O 10. Rd1 Qb6 11. Bf4 Rd8 12. Rd2 h6 13. Rad1 d6 14. Qb5 Ne8 15.
a3 Qc7 16. Qa4 a6 17. e4 Bc6 18. Qc2 e5 19. Be3 Nf6 20. h3 Bd7 21. Nd5 Nxd5 22.
exd5 a5 23. Nxe5 Be8 24. Nf3 Bf6 25. Re2 Bd7 26. Nd2 Ra6 27. Ne4 Be7 28. Bd2
Bf8 29. Rde1 a4 30. g4 Qc8 31. Ng3 Re8 32. Rxe8 Bxe8 33. Qe4 Bd7 34. Bf1 g6 35.
Bc3 Rb6 36. Qf3 Rb3 37. Qf6 Rxc3 38. Qxc3 Bg7 39. Qc2 Be5 40. b3 Qa6 41. Ne4
Qa5 42. Rb1 Kg7 43. bxa4 Bxa4 44. Qd2 Qa7 45. Kg2 Qc7 46. Bd3 Na6 47. Bc2 Bd7
48. Ng3 Qd8 49. f4 Bd4 50. f5 Nc7 51. fxg6 fxg6 52. Qd3 Be8 53. Nh5+ Kg8 54.
Nf4 Bf7 55. Nxg6 Qg5 56. Rf1 h5 57. Qf5 Qd2+ 58. Kh1 1-0

[Event "Europa ch 2012 femenino"]
[Site "Gaziantep TUR"]
[Date "2012.03.09"]
[Round "7.37"]
[White "Batsiashvili, Nino"]
[Black "Videnova, Iva"]
[Result "1-0"]
[WhiteElo "2438"]
[BlackElo "2301"]
[PlyCount "129"]
[EventDate "2012.03.02"]
[EventType "swiss"]
[EventRounds "11"]
[EventCountry "TUR"]
[Source "lmi"]
[SourceDate "2012.03.02"]

1. d4 Nf6 2. c4 g6 3. Nc3 d5 4. e3 Bg7 5. Nf3 O-O 6. Be2 c5 7. O-O cxd4 8. exd4
Nc6 9. Re1 Be6 10. cxd5 Nxd5 11. Bg5 h6 12. Be3 Rc8 13. Qd2 Nxe3 14. fxe3 Qa5
15. Rac1 Rfd8 16. Red1 a6 17. Bf1 Bg4 18. Qf2 b5 19. h3 Bd7 20. a3 e6 21. Ne4
Be8 22. h4 e5 23. d5 f5 24. Nc5 Qb6 25. Ne6 Ne7 26. Rxc8 Rxc8 27. Nxg7 Kxg7 28.
Nxe5 Rd8 29. Qf3 Qf6 30. Qf4 Rxd5 31. Rxd5 Nxd5 32. Qd4 Bf7 33. Nd7 Qxd4 34.
exd4 Be8 35. Nc5 Nc7 36. a4 Kf6 37. a5 Ke7 38. Be2 Kd6 39. Kf2 Bc6 40. g3 Bd5
41. Bd3 Bc4 42. Bc2 Be6 43. g4 fxg4 44. Bxg6 Bc8 45. Bf7 Nd5 46. Ne4+ Kc6 47.
Be8+ Kc7 48. Kg3 Nb4 49. Nf2 Kd8 50. Bg6 Nc6 51. Nxg4 Nxa5 52. Nxh6 Nc4 53. h5
Nd6 54. Ng4 Ke7 55. h6 Kf8 56. Kf4 Bxg4 57. Kxg4 a5 58. Kg5 a4 59. Bc2 Nc4 60.
d5 Kg8 61. Kf6 Nb6 62. d6 a3 63. bxa3 b4 64. Bb3+ Kh7 65. axb4 1-0

[Event "Europa ch 2012 femenino"]
[Site "Gaziantep TUR"]
[Date "2012.03.09"]
[Round "7.39"]
[White "Khotenashvili, Bela"]
[Black "Charochkina, Daria"]
[Result "1-0"]
[WhiteElo "2490"]
[BlackElo "2371"]
[PlyCount "167"]
[EventDate "2012.03.02"]
[EventType "swiss"]
[EventRounds "11"]
[EventCountry "TUR"]
[Source "lmi"]
[SourceDate "2012.03.02"]

1. Nf3 Nf6 2. c4 g6 3. Nc3 d5 4. cxd5 Nxd5 5. Qa4+ Nc6 6. Ne5 Qd6 7. Nxc6 Qxc6
8. Qxc6+ bxc6 9. g3 Bg7 10. Bg2 Be6 11. b3 O-O-O 12. Bb2 Nxc3 13. Bxc3 Bxc3 14.
dxc3 Rd6 15. Rd1 Rhd8 16. Rxd6 Rxd6 17. h4 c5 18. Be4 Bf5 19. Bxf5+ gxf5 20. h5
Ra6 21. Rh4 Rxa2 22. Rf4 Ra1+ 23. Kd2 e6 24. e4 Rh1 25. exf5 Rxh5 26. fxe6 fxe6
27. Re4 Kd7 28. Ra4 Rd5+ 29. Ke3 Re5+ 30. Kd3 Rd5+ 31. Ke4 Rd2 32. f3 Rb2 33.
Ra3 Rc2 34. c4 Rc3 35. g4 h6 36. Kf4 Rd3 37. Kg3 e5 38. Kf2 Rc3 39. Rxa7 Rxb3
40. Ra6 Rb6 41. Ra1 e4 42. f4 Rb3 43. Ke2 Rf3 44. Rf1 Rg3 45. Rh1 Rxg4 46. Ke3
Rg2 47. Kxe4 Rc2 48. Kd5 Rd2+ 49. Kxc5 Rf2 50. Rh4 Rf1 51. Kd5 Rd1+ 52. Ke5 Rd6
53. Rg4 Re6+ 54. Kd4 Rd6+ 55. Ke4 Re6+ 56. Kf5 Rc6 57. c5 Ke7 58. Rg1 Kf7 59.
Rc1 Rf6+ 60. Ke5 Re6+ 61. Kd5 c6+ 62. Kd4 Kf6 63. Rh1 Kf5 64. Rh4 Re4+ 65. Kc3
Re6 66. Kb4 Rg6 67. Ka5 Rf6 68. Kb6 Kg6 69. Kc7 h5 70. Kd7 Kh6 71. Ke7 Rf5 72.
Kd6 Rf6+ 73. Ke5 Rf8 74. Rh1 Rd8 75. Ke6 Rd5 76. f5 Rxc5 77. f6 Ra5 78. f7 Ra8
79. Rg1 Kh7 80. Ke7 c5 81. f8=Q Rxf8 82. Kxf8 c4 83. Kf7 c3 84. Kf6 1-0

[Event "Europa ch 2012 femenino"]
[Site "Gaziantep TUR"]
[Date "2012.03.09"]
[Round "7.40"]
[White "Kosintseva, Nadezhda"]
[Black "Michna, Marta"]
[Result "1-0"]
[WhiteElo "2535"]
[BlackElo "2383"]
[PlyCount "49"]
[EventDate "2012.03.02"]
[EventType "swiss"]
[EventRounds "11"]
[EventCountry "TUR"]
[Source "lmi"]
[SourceDate "2012.03.02"]

1. e4 e6 2. d4 d5 3. Nc3 Bb4 4. e5 c5 5. a3 Bxc3+ 6. bxc3 Qc7 7. Qg4 f5 8. Qg3
Nc6 9. Ne2 cxd4 10. cxd4 Nge7 11. c3 O-O 12. Nf4 Na5 13. h4 Rf7 14. Be2 Bd7 15.
Rb1 Rc8 16. Rh3 b6 17. Qg5 h6 18. Qh5 Nc4 19. Rg3 Nxe5 20. dxe5 Qxe5 21. Bd2
Rc4 22. Qxh6 Re4 23. Qg5 Bc8 24. Kf1 Qc7 25. Bh5 1-0

[Event "Europa ch 2012 femenino"]
[Site "Gaziantep TUR"]
[Date "2012.03.09"]
[Round "7.47"]
[White "Bezgodova, Maria"]
[Black "Bodnaruk, Anastasia"]
[Result "1/2-1/2"]
[WhiteElo "2200"]
[BlackElo "2412"]
[PlyCount "192"]
[EventDate "2012.03.02"]
[EventType "swiss"]
[EventRounds "11"]
[EventCountry "TUR"]
[Source "lmi"]
[SourceDate "2012.03.02"]

1. e4 c5 2. Nf3 d6 3. c3 Nf6 4. d3 g6 5. Be2 Bg7 6. O-O O-O 7. Re1 e5 8. Bf1
Nc6 9. h3 Ne8 10. Nbd2 f5 11. Nc4 f4 12. Be2 b5 13. Na3 a6 14. Nc2 Nc7 15. d4
Qe7 16. d5 Nd8 17. a4 Bd7 18. axb5 axb5 19. Rxa8 Nxa8 20. Na3 Nc7 21. Qb3 Qe8
22. Bd2 h5 23. Nh2 Bf6 24. Ra1 Nf7 25. Nf3 Nh6 26. Qd1 Rf7 27. Nh2 Kh7 28. Nc2
Rg7 29. Ra7 Bd8 30. h4 Bc8 31. Nf3 Nf7 32. Kh1 g5 33. hxg5 Nxg5 34. Nxg5+ Rxg5
35. Ne1 h4 36. Nf3 Rg7 37. Ng1 Qg6 38. Bf3 Kh8 39. Nh3 c4 40. Kh2 Rg8 41. Ra1
Na6 42. b4 cxb3 43. Qxb3 Nc5 44. Qc2 Bf6 45. Ra8 Qh7 46. Rb8 Qc7 47. Rxb5 Ba6
48. Rb4 Bd3 49. Qd1 Qh7 50. Qe1 Bc2 51. Qe2 Bd3 52. Qe1 Bc2 53. Qe2 Ra8 54. Bc1
Bd3 55. Qe1 Ra1 56. Rb8+ Kg7 57. Qd1 Qg6 58. Rc8 Bxe4 59. Rc7+ Kg8 60. Bxe4
Nxe4 61. Qc2 Qf5 62. Rc4 Ng3 63. Qb2 Rb1 64. Qa3 Bg7 65. Rb4 Ne2 66. Qa8+ Kh7
67. Rxb1 Qxb1 68. Ba3 Ng3 69. Ng1 Ne4 70. Qd8 Nf6 71. Kh1 Qe1 72. Bxd6 Qxf2 73.
Bxe5 h3 74. gxh3 Nh5 75. Bxf4 Qxf4 76. Qe8 Ng3+ 77. Kg2 Nf5 78. Qh5+ Kg8 79.
Qe8+ Kh7 80. Qh5+ Nh6 81. Ne2 Qd2 82. Qf3 Kg8 83. Qe4 Nf7 84. Qe8+ Bf8 85. Qe6
Bd6 86. Qg4+ Kf8 87. Qc8+ Ke7 88. Qe6+ Kd8 89. Qxf7 Qxe2+ 90. Qf2 Qe4+ 91. Qf3
Qc2+ 92. Kf1 Qb1+ 93. Kg2 Qc2+ 94. Kf1 Qc1+ 95. Kg2 Qg5+ 96. Kf1 Qc1+ 1/2-1/2

[Event "Europa ch 2012 femenino"]
[Site "Gaziantep TUR"]
[Date "2012.03.09"]
[Round "7.48"]
[White "Dworakowska, Joanna"]
[Black "Kashlinskaya, Alina"]
[Result "1-0"]
[WhiteElo "2304"]
[BlackElo "2377"]
[PlyCount "121"]
[EventDate "2012.03.02"]
[EventType "swiss"]
[EventRounds "11"]
[EventCountry "TUR"]
[Source "lmi"]
[SourceDate "2012.03.02"]

1. e4 e5 2. Nf3 Nc6 3. d4 exd4 4. Nxd4 Nf6 5. Nxc6 bxc6 6. e5 Qe7 7. Qe2 Nd5 8.
c4 Nb6 9. Nc3 Qe6 10. Qe4 g6 11. f4 Bb4 12. Bd2 O-O 13. Bd3 Ba6 14. b3 d5 15.
cxd5 cxd5 16. Qe2 Bxd3 17. Qxd3 f6 18. Nb5 Bxd2+ 19. Qxd2 Qe7 20. O-O fxe5 21.
fxe5 a6 22. Nd4 Qxe5 23. Rfe1 Qd6 24. Re6 Qd7 25. Rc1 Rf7 26. Qe2 Raf8 27. h3
Qd8 28. Qg4 c5 29. Nc6 Qc7 30. Rce1 Nc8 31. Ne5 Rf4 32. Qd1 Rd4 33. Qc2 Kh8 34.
Nc6 Rdf4 35. Qxc5 Qf7 36. Qxf8+ Qxf8 37. Re8 Rf1+ 38. Kh2 Kg7 39. Rxf8 Rxf8 40.
Nb4 d4 41. Nxa6 Rf2 42. Nb4 Nd6 43. Kg3 Rd2 44. Kf3 Nf5 45. Re2 Rd1 46. Rc2 d3
47. Rf2 h5 48. g4 Nd6 49. gxh5 gxh5 50. Ke3 Rh1 51. Rf3 Nf7 52. Nxd3 Ng5 53.
Rg3 Kf6 54. Nf2 Ra1 55. h4 Ne6 56. a4 Ra3 57. Ke4 Nc5+ 58. Kd5 Nxb3 59. Ne4+
Kf5 60. Nc5 Ra1 61. Rxb3 1-0

[Event "Europa ch 2012 femenino"]
[Site "Gaziantep TUR"]
[Date "2012.03.09"]
[Round "7.50"]
[White "Kovanova, Baira"]
[Black "Rakic, Marija"]
[Result "1-0"]
[WhiteElo "2392"]
[BlackElo "2270"]
[PlyCount "99"]
[EventDate "2012.03.02"]
[EventType "swiss"]
[EventRounds "11"]
[EventCountry "TUR"]
[Source "lmi"]
[SourceDate "2012.03.02"]

1. e4 g6 2. d4 Bg7 3. Nc3 c6 4. Be3 Qb6 5. Rb1 d6 6. Nf3 Nf6 7. h3 O-O 8. Bd3
Qc7 9. O-O b5 10. Qd2 e5 11. Ne2 c5 12. c3 d5 13. Ng3 Bb7 14. Nxe5 c4 15. Be2
Nxe4 16. Nxe4 dxe4 17. Bf4 Qe7 18. b3 f6 19. Ng4 g5 20. Be3 Bd5 21. bxc4 bxc4
22. f4 exf3 23. Bxf3 Bxf3 24. Rxf3 Nd7 25. Bf2 Nb6 26. Ne3 Qd7 27. Nf5 Nd5 28.
Bg3 Rac8 29. a4 Rc6 30. Rb5 Re8 31. Qb2 Bf8 32. Rb7 Qe6 33. a5 Ne7 34. Ne3 Nd5
35. Nf5 Ne7 36. Ne3 Nd5 37. Nxd5 Qxd5 38. Rxa7 Qe4 39. Bf2 Rce6 40. Re3 Qf4 41.
Qb7 R6e7 42. Qd5+ Kg7 43. Qc5 Kf7 44. Qxc4+ Kg7 45. Qc5 Kf7 46. Qd5+ Kg7 47.
Raxe7+ Rxe7 48. Rxe7+ Bxe7 49. a6 h5 50. g3 1-0

[Event "Europa ch 2012 femenino"]
[Site "Gaziantep TUR"]
[Date "2012.03.10"]
[Round "8.2"]
[White "Hoang Thanh Trang"]
[Black "Muzychuk, Anna"]
[Result "0-1"]
[WhiteElo "2438"]
[BlackElo "2583"]
[PlyCount "108"]
[EventDate "2012.03.02"]
[EventType "swiss"]
[EventRounds "11"]
[EventCountry "TUR"]
[Source "lmi"]
[SourceDate "2012.03.02"]

1. d4 Nf6 2. Bf4 e6 3. e3 c5 4. Nf3 d5 5. c3 Nc6 6. Nbd2 Bd6 7. Bg3 Bxg3 8.
hxg3 Qd6 9. Bb5 Ng4 10. Qa4 c4 11. b3 cxb3 12. axb3 Bd7 13. Qa3 Qxa3 14. Rxa3
Ke7 15. Ke2 a6 16. Bd3 e5 17. dxe5 Ncxe5 18. Nxe5 Nxe5 19. f4 Nxd3 20. Kxd3
Rac8 21. Nf3 Bf5+ 22. Kd2 h5 23. Ra5 Be4 24. Rh2 f6 25. Nd4 g5 26. Ra1 Rcg8 27.
Ne2 Kf7 28. Rah1 Kg6 29. Nd4 Rh7 30. g4 h4 31. f5+ Kf7 32. Ne6 Rc8 33. b4 Ke7
34. Ra1 Kd6 35. Nc5 Ke5 36. Ra3 Rhc7 37. Ne6 Rc4 38. Nd4 Kd6 39. Ne2 Ra8 40.
Nd4 b6 41. Ra1 Rcc8 42. Ra3 a5 43. b5 Rc4 44. Ke2 Rac8 45. Kd2 R8c5 46. Rb3 Ra4
47. Rb2 Ra3 48. Ne2 a4 49. g3 Ra1 50. gxh4 a3 51. Rb4 a2 52. Ra4 Rxb5 53. c4
Rb2+ 54. Kc3 Rc2+ 0-1

[Event "Europa ch 2012 femenino"]
[Site "Gaziantep TUR"]
[Date "2012.03.10"]
[Round "8.5"]
[White "Romanko, Marina"]
[Black "Kosintseva, Nadezhda"]
[Result "1/2-1/2"]
[WhiteElo "2417"]
[BlackElo "2535"]
[PlyCount "82"]
[EventDate "2012.03.02"]
[EventType "swiss"]
[EventRounds "11"]
[EventCountry "TUR"]
[Source "lmi"]
[SourceDate "2012.03.02"]

1. d4 Nf6 2. c4 e6 3. Nc3 Bb4 4. Qc2 O-O 5. a3 Bxc3+ 6. Qxc3 d5 7. Nf3 dxc4 8.
Qxc4 b6 9. Bg5 Ba6 10. Qa4 h6 11. Bh4 c5 12. dxc5 bxc5 13. Rc1 Qe7 14. e4 Bxf1
15. Kxf1 Rc8 16. e5 Qd7 17. Qxd7 Nfxd7 18. Be7 Nc6 19. Bd6 c4 20. Ke2 Nb6 21.
Rhd1 Na5 22. Nd2 Nd5 23. Bb4 Nc6 24. Nxc4 Ncxb4 25. axb4 Rcb8 26. g3 Rxb4 27.
Rd2 Rab8 28. h4 g5 29. hxg5 hxg5 30. Rdc2 Kg7 31. Ra1 Rc8 32. Kd3 Rb5 33. Kd2
Nb6 34. Ne3 Rd8+ 35. Ke2 Rd7 36. f4 Kg6 37. Rh1 Nd5 38. Nxd5 Rbxd5 39. Kf3 Rd2
40. Rxd2 Rxd2 41. Ra1 Rxb2 1/2-1/2

[Event "Europa ch 2012 femenino"]
[Site "Gaziantep TUR"]
[Date "2012.03.10"]
[Round "8.7"]
[White "Schleining, Zoya"]
[Black "Paehtz, Elisabeth"]
[Result "1/2-1/2"]
[WhiteElo "2326"]
[BlackElo "2459"]
[PlyCount "125"]
[EventDate "2012.03.02"]
[EventType "swiss"]
[EventRounds "11"]
[EventCountry "TUR"]
[Source "lmi"]
[SourceDate "2012.03.02"]

1. c4 e6 2. Nf3 b6 3. g3 Bb7 4. Bg2 g6 5. d4 Bg7 6. O-O Ne7 7. Nc3 O-O 8. Bf4
d6 9. Qd2 Re8 10. e4 Nd7 11. Bh6 Bh8 12. Rad1 Nc6 13. b3 e5 14. d5 Ncb8 15. Ng5
Nf6 16. h3 Bg7 17. Nf3 Nbd7 18. Nh2 Qe7 19. Bg5 Qf8 20. h4 a5 21. Nb5 Rec8 22.
Qc2 h6 23. Be3 Qe7 24. Bh3 Kh7 25. f3 Ne8 26. f4 exf4 27. gxf4 c6 28. Bxd7 Qxd7
29. Nc3 Qh3 30. Rd3 Qxh4 31. Qg2 Qe7 32. Na4 cxd5 33. exd5 b5 34. cxb5 Qd7 35.
Rfd1 Qxb5 36. Nb6 Nf6 37. f5 Re8 38. fxg6+ fxg6 39. Nxa8 Bxa8 40. Ng4 Nxg4 41.
Qxg4 Re5 42. Qa4 Qb7 43. Qxa5 Qe7 44. Bf4 Re4 45. Bg3 Bb7 46. Re1 Bc8 47. Qb4
Qa7+ 48. Bf2 Qxf2+ 49. Kxf2 Rxb4 50. Re7 Rf4+ 51. Rf3 Rxf3+ 52. Kxf3 g5 53. b4
Kg6 54. b5 Bd4 55. Rc7 Bf5 56. Rc6 g4+ 57. Ke2 Be4 58. b6 g3 59. b7 Ba7 60. Rc8
Bxd5 61. b8=Q Bxb8 62. Rxb8 Bxa2 63. Kf3 1/2-1/2

[Event "Europa ch 2012 femenino"]
[Site "Gaziantep TUR"]
[Date "2012.03.10"]
[Round "8.8"]
[White "Mkrtchian, Lilit"]
[Black "Kosintseva, Tatiana"]
[Result "0-1"]
[WhiteElo "2458"]
[BlackElo "2513"]
[PlyCount "54"]
[EventDate "2012.03.02"]
[EventType "swiss"]
[EventRounds "11"]
[EventCountry "TUR"]
[Source "lmi"]
[SourceDate "2012.03.02"]

1. c4 Nf6 2. Nf3 e6 3. g3 d5 4. b3 Be7 5. Bb2 O-O 6. Bg2 c5 7. O-O Nc6 8. e3 b6
9. Nc3 dxc4 10. bxc4 Bb7 11. Qe2 Qd7 12. Rad1 Rad8 13. d3 Ne8 14. d4 cxd4 15.
exd4 Na5 16. Ne5 Qc8 17. d5 Nd6 18. Bh3 f5 19. Ba3 Rfe8 20. Rd4 Bf6 21. Bxd6
Rxd6 22. Nb5 Rdd8 23. d6 Bxe5 24. Qxe5 Nc6 25. Qe3 Nxd4 26. Qxd4 Qc6 27. f3 a6
0-1

[Event "Europa ch 2012 femenino"]
[Site "Gaziantep TUR"]
[Date "2012.03.10"]
[Round "8.9"]
[White "Khotenashvili, Bela"]
[Black "Gaponenko, Inna"]
[Result "1-0"]
[WhiteElo "2490"]
[BlackElo "2416"]
[PlyCount "81"]
[EventDate "2012.03.02"]
[EventType "swiss"]
[EventRounds "11"]
[EventCountry "TUR"]
[Source "lmi"]
[SourceDate "2012.03.02"]

1. Nf3 Nf6 2. c4 g6 3. d4 Bg7 4. Nc3 O-O 5. g3 d6 6. Bg2 Nc6 7. O-O Bf5 8. b3
Ne4 9. Bb2 Nxc3 10. Bxc3 Be4 11. b4 a6 12. Qd2 e6 13. Rfc1 Ne7 14. a4 b6 15. a5
Nc6 16. Ne1 Bxg2 17. Nxg2 bxa5 18. bxa5 Rb8 19. e3 e5 20. d5 Ne7 21. Ne1 f5 22.
Nd3 c5 23. dxc6 Nxc6 24. Nb4 Nxb4 25. Bxb4 Rf6 26. Rd1 Bf8 27. Qd5+ Kg7 28. Bc3
Qe8 29. Rab1 Rc8 30. Rb7+ Rf7 31. Bb4 g5 32. Bxd6 Bxd6 33. Rxf7+ Qxf7 34. Qxd6
e4 35. c5 h6 36. c6 Rc7 37. Qe5+ Kg6 38. Rd6+ Kh5 39. Rf6 Qh7 40. Qe8+ Kg4 41.
Kg2 1-0

[Event "Europa ch 2012 femenino"]
[Site "Gaziantep TUR"]
[Date "2012.03.10"]
[Round "8.10"]
[White "Cmilyte, Viktorija"]
[Black "Paikidze, Nazi"]
[Result "1-0"]
[WhiteElo "2497"]
[BlackElo "2406"]
[PlyCount "55"]
[EventDate "2012.03.02"]
[EventType "swiss"]
[EventRounds "11"]
[EventCountry "TUR"]
[Source "lmi"]
[SourceDate "2012.03.02"]

1. d4 d5 2. c4 c6 3. Nf3 Nf6 4. Nc3 e6 5. Bg5 h6 6. Bh4 dxc4 7. e4 g5 8. Bg3 b5
9. Be2 Bb7 10. Qc2 Nbd7 11. Rd1 Bb4 12. O-O O-O 13. h4 Nh5 14. hxg5 Nxg3 15.
fxg3 hxg5 16. e5 Bxc3 17. bxc3 f5 18. exf6 Rxf6 19. Qe4 Qe7 20. Nxg5 Raf8 21.
Rf4 Rh6 22. Rdf1 Rxf4 23. Rxf4 Nf8 24. Qe5 Bc8 25. Rf7 Qxf7 26. Nxf7 Kxf7 27.
Bh5+ Kg8 28. Qg5+ 1-0

[Event "Europa ch 2012 femenino"]
[Site "Gaziantep TUR"]
[Date "2012.03.10"]
[Round "8.13"]
[White "Ziaziulkina, Nastassia"]
[Black "Sandu, Mihaela"]
[Result "1-0"]
[WhiteElo "2343"]
[BlackElo "2253"]
[PlyCount "51"]
[EventDate "2012.03.02"]
[EventType "swiss"]
[EventRounds "11"]
[EventCountry "TUR"]
[Source "lmi"]
[SourceDate "2012.03.02"]

1. e4 c5 2. Nf3 d6 3. d4 cxd4 4. Nxd4 Nf6 5. Nc3 e6 6. g4 a6 7. g5 Nfd7 8. Be3
Nc6 9. Qd2 Nxd4 10. Qxd4 Ne5 11. O-O-O Ng4 12. h4 Nxe3 13. Qxe3 Be7 14. f4 Bd7
15. Bh3 Qa5 16. f5 O-O-O 17. Rhf1 Rhf8 18. f6 gxf6 19. gxf6 Bxf6 20. Rxf6 Bc6
21. Rdf1 Bd7 22. Kb1 Kb8 23. a3 Rg8 24. Rxf7 Rg6 25. Rxh7 Qe5 26. Qb6 1-0